The Wright Brothers (Record no. 11307)

MARC details
000 -LEADER
fixed length control field 00249nam a22000977a 4500
008 - FIXED-LENGTH DATA ELEMENTS--GENERAL INFORMATION
fixed length control field 190208b ||||| |||| 00| 0 eng d
020 ## - INTERNATIONAL STANDARD BOOK NUMBER
International Standard Book Number 9781471150388
100 ## - MAIN ENTRY--PERSONAL NAME
Personal name Mccullough David
9 (RLIN) 7048
245 ## - TITLE STATEMENT
Title The Wright Brothers
260 ## - PUBLICATION, DISTRIBUTION, ETC. (IMPRINT)
Place of publication, distribution, etc. UK
Name of publisher, distributor, etc. CPI Group
Date of publication, distribution, etc. 2015
Holdings
Withdrawn status Lost status Source of classification or shelving scheme Damaged status Koha normalized classification for sorting Not for loan Home library Current library Shelving location Date acquired Total Checkouts Full call number Barcode Date last seen Date last checked out Price effective from Koha item type
    Dewey Decimal Classification   629_130000000000000_P1   Good Samaritan School Library Good Samaritan School Library Biography 02/08/2019 2 629.13 P-1 MCC15205 12/21/2022 12/15/2022 02/08/2019 BOOK

Powered by Koha